Draw All Country Borders and Borderless Countries - Statistics

General Stats
  • This quiz has been taken 164,574 times
    153,506 since last reset
  • The average score is 201 of 357
Answers on the Map
Answers color-coded by a green-red scale on the quiz's map according to % correct below.
 
Answer Stats
ANSWER % Correct
Canada-United States
87%
Mexico-United States
85%
Argentina-Brazil
76%
China-Russia
76%
France-Spain
76%
Argentina-Chile
75%
Ireland-United Kingdom
75%
Portugal-Spain
75%
France-Germany
74%
Australia
73%
Norway-Sweden
73%
Brazil-Colombia
72%
Brazil-Peru
72%
Brazil-Uruguay
72%
Finland-Russia
72%
Russia-Ukraine
72%
Bolivia-Brazil
71%
Brazil-Paraguay
71%
Brazil-Venezuela
71%
China-India
71%
Colombia-Venezuela
71%
France-Italy
71%
Germany-Poland
71%
Finland-Sweden
70%
India-Pakistan
70%
Kazakhstan-Russia
70%
Mongolia-Russia
70%
Belgium-France
69%
Bolivia-Peru
69%
Brazil-Suriname
69%
Colombia-Peru
69%
Denmark-Germany
69%
Estonia-Russia
69%
Japan
69%
New Zealand
69%
Argentina-Bolivia
68%
Argentina-Uruguay
68%
Belarus-Russia
68%
Bolivia-Chile
68%
Brazil-Guyana
68%
Chile-Peru
68%
China-Mongolia
68%
France-Switzerland
68%
Guatemala-Mexico
68%
Iran-Iraq
68%
Malta
68%
Argentina-Paraguay
67%
Austria-Germany
67%
Colombia-Ecuador
67%
Italy-Switzerland
67%
Latvia-Russia
67%
North Korea-South Korea
67%
Oman-Saudi Arabia
67%
Saudi Arabia-Yemen
67%
Andorra-Spain
66%
Bangladesh-India
66%
Cuba
66%
Dominican Republic-Haiti
66%
Ecuador-Peru
66%
Egypt-Libya
66%
India-Nepal
66%
Madagascar
66%
Algeria-Morocco
65%
Brazil-France
65%
Germany-Netherlands
65%
Guyana-Suriname
65%
Maldives
65%
Sri Lanka
65%
Afghanistan-Pakistan
64%
Austria-Italy
64%
Belgium-Netherlands
64%
Costa Rica-Panama
64%
Czech Republic-Germany
64%
Egypt-Sudan
64%
Estonia-Latvia
64%
Germany-Switzerland
64%
Guyana-Venezuela
64%
Italy-Vatican City
64%
Oman-Yemen
64%
Saint Kitts and Nevis
64%
Saint Lucia
64%
Seychelles
64%
Algeria-Libya
63%
Barbados
63%
Belarus-Poland
63%
Georgia-Russia
63%
Italy-San Marino
63%
Latvia-Lithuania
63%
Saint Vincent and the Grenadines
63%
South Sudan-Sudan
63%
Trinidad and Tobago
63%
Algeria-Tunisia
62%
Andorra-France
62%
Antigua and Barbuda
62%
Belarus-Ukraine
62%
Bolivia-Paraguay
62%
China-Nepal
62%
China-Vietnam
62%
Colombia-Panama
62%
France-Luxembourg
62%
France-Monaco
62%
Jamaica
62%
Lithuania-Russia
62%
Poland-Ukraine
62%
Syria-Turkey
62%
Afghanistan-Iran
61%
Bulgaria-Romania
61%
China-Kazakhstan
61%
China-Myanmar
61%
Comoros
61%
Costa Rica-Nicaragua
61%
Czech Republic-Poland
61%
Fiji
61%
Honduras-Nicaragua
61%
Italy-Slovenia
61%
Laos-Vietnam
61%
Myanmar-Thailand
61%
São Tomé and Príncipe
61%
Saudi Arabia-United Arab Emirates
61%
Albania-Greece
60%
Austria-Hungary
60%
Azerbaijan-Russia
60%
Bahamas
60%
Bahrain
60%
Belize-Mexico
60%
Bosnia and Herzegovina-Croatia
60%
Cambodia-Vietnam
60%
Cape Verde
60%
China-North Korea
60%
Cyprus
60%
Czech Republic-Slovakia
60%
Dominica
60%
Federated States of Micronesia
60%
Grenada
60%
Iceland
60%
Kiribati
60%
Lesotho-South Africa
60%
Marshall Islands
60%
Nauru
60%
Palau
60%
Romania-Ukraine
60%
Tuvalu
60%
Cambodia-Thailand
59%
Chad-Libya
59%
China-Pakistan
59%
Ethiopia-Somalia
59%
Greece-North Macedonia
59%
Guatemala-Honduras
59%
Iran-Pakistan
59%
Iraq-Saudi Arabia
59%
Israel-Jordan
59%
Libya-Tunisia
59%
Mauritius
59%
Niger-Nigeria
59%
Samoa
59%
Solomon Islands
59%
Tonga
59%
Austria-Czech Republic
58%
Belarus-Lithuania
58%
Bhutan-India
58%
China-Laos
58%
France-Suriname
58%
Indonesia-Papua New Guinea
58%
Iran-Turkey
58%
Iraq-Turkey
58%
Laos-Thailand
58%
Poland-Russia
58%
Poland-Slovakia
58%
Qatar-Saudi Arabia
58%
Vanuatu
58%
Algeria-Mali
57%
Armenia-Azerbaijan
57%
Armenia-Georgia
57%
Armenia-Turkey
57%
Belize-Guatemala
57%
Bhutan-China
57%
Bosnia and Herzegovina-Serbia
57%
Bulgaria-Greece
57%
Chad-Sudan
57%
Croatia-Slovenia
57%
Egypt-Israel
57%
Indonesia-Malaysia
57%
Iraq-Syria
57%
Jordan-Saudi Arabia
57%
Kazakhstan-Uzbekistan
57%
Libya-Sudan
57%
Mauritania-Morocco
57%
Moldova-Ukraine
57%
Namibia-South Africa
57%
Oman-United Arab Emirates
57%
Taiwan
57%
Algeria-Niger
56%
Belgium-Germany
56%
Belgium-Luxembourg
56%
Cambodia-Laos
56%
Chad-Niger
56%
Georgia-Turkey
56%
Israel-Lebanon
56%
Lithuania-Poland
56%
Singapore
56%
Azerbaijan-Georgia
55%
Botswana-South Africa
55%
China-Kyrgyzstan
55%
Croatia-Serbia
55%
El Salvador-Honduras
55%
Eswatini-South Africa
55%
Ethiopia-Sudan
55%
Hungary-Romania
55%
Jordan-Syria
55%
Moldova-Romania
55%
Algeria-Mauritania
54%
Angola-Namibia
54%
Belarus-Latvia
54%
China-Tajikistan
54%
El Salvador-Guatemala
54%
Finland-Norway
54%
Germany-Luxembourg
54%
Greece-Turkey
54%
Hungary-Slovakia
54%
Iran-Turkmenistan
54%
Kenya-Somalia
54%
Kuwait-Saudi Arabia
54%
Libya-Niger
54%
Liechtenstein-Switzerland
54%
Mali-Mauritania
54%
Mozambique-South Africa
54%
Philippines
54%
Afghanistan-Turkmenistan
53%
Albania-Montenegro
53%
Austria-Slovenia
53%
Bulgaria-Serbia
53%
Central African Republic-Democratic Republic of the Congo
53%
Hungary-Serbia
53%
Kosovo-Serbia
53%
Romania-Serbia
53%
Turkmenistan-Uzbekistan
53%
Albania-Kosovo
52%
Albania-North Macedonia
52%
Angola-Democratic Republic of the Congo
52%
Azerbaijan-Iran
52%
Benin-Togo
52%
Eritrea-Ethiopia
52%
Ethiopia-Kenya
52%
Gambia-Senegal
52%
Kazakhstan-Kyrgyzstan
52%
Kenya-Tanzania
52%
Lebanon-Syria
52%
Mali-Niger
52%
Norway-Russia
52%
Croatia-Hungary
51%
Democratic Republic of the Congo-Republic of the Congo
51%
East Timor-Indonesia
51%
Ethiopia-South Sudan
51%
Iraq-Jordan
51%
Kazakhstan-Turkmenistan
51%
Montenegro-Serbia
51%
Slovakia-Ukraine
51%
South Africa-Zimbabwe
51%
Afghanistan-Tajikistan
50%
Afghanistan-Uzbekistan
50%
Botswana-Namibia
50%
Central African Republic-Chad
50%
Hungary-Ukraine
50%
Iraq-Kuwait
50%
Austria-Liechtenstein
49%
Benin-Niger
49%
Bosnia and Herzegovina-Montenegro
49%
Brunei-Malaysia
49%
Bulgaria-North Macedonia
49%
Central African Republic-Republic of the Congo
49%
India-Myanmar
49%
Kyrgyzstan-Tajikistan
49%
Mauritania-Senegal
49%
Mozambique-Tanzania
49%
North Korea-Russia
49%
Bulgaria-Turkey
48%
Cameroon-Nigeria
48%
Central African Republic-Sudan
48%
Ghana-Ivory Coast
48%
Ghana-Togo
48%
Kosovo-North Macedonia
48%
North Macedonia-Serbia
48%
Tajikistan-Uzbekistan
48%
Zambia-Zimbabwe
48%
Austria-Switzerland
47%
Benin-Nigeria
47%
Burkina Faso-Mali
47%
Central African Republic-South Sudan
47%
Kenya-Uganda
47%
Laos-Myanmar
47%
Malaysia-Thailand
47%
Austria-Slovakia
46%
Botswana-Zimbabwe
46%
Burkina Faso-Niger
46%
Cameroon-Chad
46%
Democratic Republic of the Congo-South Sudan
46%
Democratic Republic of the Congo-Tanzania
46%
Guinea-Senegal
46%
Mozambique-Zimbabwe
46%
Afghanistan-China
45%
Angola-Zambia
45%
Burkina Faso-Ghana
45%
Cameroon-Central African Republic
45%
Cameroon-Republic of the Congo
45%
Chad-Nigeria
45%
Democratic Republic of the Congo-Uganda
45%
Democratic Republic of the Congo-Zambia
45%
Djibouti-Eritrea
45%
Eritrea-Sudan
45%
Guinea-Guinea-Bissau
45%
Kenya-South Sudan
45%
Mali-Senegal
45%
Mozambique-Zambia
45%
Angola-Republic of the Congo
44%
Benin-Burkina Faso
44%
Burkina Faso-Ivory Coast
44%
Cameroon-Gabon
44%
Democratic Republic of the Congo-Rwanda
44%
Ivory Coast-Liberia
44%
Liberia-Sierra Leone
44%
Rwanda-Uganda
44%
Burkina Faso-Togo
43%
Burundi-Rwanda
43%
Djibouti-Ethiopia
43%
Gabon-Republic of the Congo
43%
Malawi-Mozambique
43%
Bangladesh-Myanmar
42%
Burundi-Democratic Republic of the Congo
42%
Equatorial Guinea-Gabon
42%
Guinea-Mali
42%
Israel-Syria
42%
Ivory Coast-Mali
42%
South Sudan-Uganda
42%
Tanzania-Uganda
42%
Cameroon-Equatorial Guinea
41%
Djibouti-Somalia
41%
Guinea-Liberia
41%
Guinea-Sierra Leone
41%
Tanzania-Zambia
41%
Guinea-Ivory Coast
40%
Malawi-Tanzania
40%
Eswatini-Mozambique
39%
Kyrgyzstan-Uzbekistan
39%
Malawi-Zambia
39%
Burundi-Tanzania
38%
Guinea-Bissau-Senegal
38%
Rwanda-Tanzania
38%
Azerbaijan-Turkey
37%
Hungary-Slovenia
35%
Armenia-Iran
34%
Kosovo-Montenegro
34%
Morocco-Spain
32%
Botswana-Zambia
31%
France-Netherlands
30%
Croatia-Montenegro
29%
Namibia-Zambia
25%
Spain-United Kingdom
25%
No matching quizzes found
Score Distribution
Percent of People with Each Score
Percentile by Number Answered
Your Score History
You have not taken this quiz since the last reset